| 000 | 00414nam a2200169Ia 4500 | ||
|---|---|---|---|
| 003 | IT-RoPAU | ||
| 005 | 20220918175308.0 | ||
| 008 | 120407s9999 xx 000 0 und d | ||
| 040 | _aIT-RoPAU | ||
| 040 | _cIT-RoPAU | ||
| 100 |
_aLyno Guarnieri _928414 |
||
| 245 |
_aIl Cristo _b"Io sonola luce derl mondo" |
||
| 260 |
_aGenova _bDe Fornari _c1934 |
||
| 300 |
_c20 cm _axxix-457 |
||
| 490 | _v1 | ||
| 942 |
_cBK _2ddc |
||
| 999 |
_c2341 _d2341 |
||